| 000 | 00557nam a2200193 b 4500 | ||
|---|---|---|---|
| 003 | OSt | ||
| 005 | 20151103145053.0 | ||
| 008 | 030221s2002 sp | ||| ||spa | ||
| 020 | _a84-85982-89-4 | ||
| 040 | _cBMC | ||
| 082 | _a808.83146 | ||
| 100 | 1 |
_a Herrero Maurica, Javier Ignacio _936833 |
|
| 245 | 1 | 0 |
_aTantas vidas...para estar juntos _b: relatos breves _cJavier Ignacio Herrero Maurica |
| 250 | _a1ª ed | ||
| 260 |
_aMadrid _bNueva Acrópolis (N.A.) _c2002 |
||
| 300 |
_a252 p. _c20 cm |
||
| 650 | 2 | 4 |
_930991 _aCuentos españoles |
| 942 |
_2ddc _cBK |
||
| 999 |
_c23104 _d23104 |
||